Волновые процессы в электрических машинах: пер. с нем.

Λεπτομέρειες βιβλιογραφικής εγγραφής
Κύριος συγγραφέας: Геллер Б.
Άλλοι συγγραφείς: Веверка А.
Γλώσσα:Ρωσικά
Έκδοση: Москва, Госэнергоиздат, 1960
Θέματα:
Μορφή: MixedMaterials Βιβλίο
KOHA link:https://koha.lib.tpu.ru/cgi-bin/koha/opac-detail.pl?biblionumber=301990

MARC

LEADER 00000nam0a2200000 4500
001 301990
005 20231102001445.0
035 |a (RuTPU)RU\TPU\book\327185 
090 |a 301990 
100 |a 20150818d1960 k y0rusy50 ca 
101 1 |a rus  |c ger 
102 |a RU 
105 |a a z 001zy 
200 1 |a Волновые процессы в электрических машинах  |e пер. с нем.  |f Б. Геллер, А. Веверка 
210 |a Москва  |a Ленинград  |c Госэнергоиздат  |d 1960 
215 |a 631 с.  |c ил. 
320 |a Библиогр.: с. 619-631. 
606 1 |a Электрические машины  |x Волновые процессы  |2 stltpush  |3 (RuTPU)RU\TPU\subj\27103  |9 50901 
610 1 |a изоляция 
610 1 |a катушки 
610 1 |a волновая теория 
610 1 |a трансформаторы 
610 1 |a обмотки 
610 1 |a генераторы импульсных напряжений 
610 1 |a делители 
610 1 |a импульсные испытания 
610 1 |a моделирование 
610 1 |a вращающиеся машины 
675 |a 621.313.048  |v 3 
700 1 |a Геллер  |b Б. 
701 1 |a Веверка  |b А. 
801 1 |a RU  |b 63413507  |c 20150818 
801 2 |a RU  |b 63413507  |c 20201022  |g RCR 
942 |c BK